000 00305nam a22001337a 4500
008 170306b xxu||||| |||| 00| 0 eng d
020 _a00660466561
041 _aeng
080 _24 ED
_a611
100 _a6
101 _aSHM
245 _aPRINCIPLES NATOMY AND PHYSIOLOGY
_cTORTORA .G.J
942 _2udc
_cBK
999 _c6906
_d6906